| 000 | 005970000a22001810004500 | ||
|---|---|---|---|
| 090 |
_aAR _b00667 |
||
| 245 | 1 | 0 | _aPhenology of tropical forests: adaptive significance and consequences for primary consumers |
| 650 | 1 | 4 |
_aFenología _992807 |
| 650 | 1 | 4 |
_aProducción primaria _993789 |
| 650 | 1 | 4 |
_aEcología _992250 |
| 650 | 1 | 4 |
_aBosques tropicales _992765 |
| 041 | 0 | _aInglés | |
| 700 | 1 |
_aTerborgh, John W. _993358 |
|
| 700 | 1 |
_aWrigth, S. Joseph _993793 |
|
| 100 | 1 |
_aSchaik, Carel P., van _993794 |
|
| 942 | _cARTICULO | ||
| 773 | 1 |
_tAnnual Review of Ecology and Systematics _3205 _h24 _q353-377 _d1993 |
|
| 999 |
_c9758 _d9758 |
||